Countries made by Periodic Element Symbols - Statistics

General Stats
  • This quiz has been taken 19 times
  • The average score is 28 of 30
Answer Stats
Hint Answer % Correct
Argon Germanium Nitrogen Titanium Sodium ArGeNTiNa
100%
Barium Hydrogen Radium Indium BaHRaIn
100%
Beryllium Lanthanum Ruthenium Sulfur* BeLaRuS
95%
Beryllium Nitrogen Indium BeNIn
95%
Boron Uranium Ruthenium Neodymium Iodine BURuNdI
95%
Carbon Americium Erbium Oxygen Oxygen Nitrogen CAmErOON
95%
Fluorine Iodine Nitrogen Lanthanum Neodymium FINLaNd
95%
Fluorine Radium Nitrogen Cerium FRaNCe
95%
Gallium Boron Oxygen Nitrogen GaBON
95%
Iodine Cerium Lanthanum Neodymium ICeLaNd
95%
Iodine Rhenium Lanthanum Neodymium IReLaNd
95%
Potassium Osmium Oxygen Vanadium Oxygen KOsOVO
95%
Neon Phosphorus Aluminium NePAl
95%
Protactinium Potassium Iodine Sulfur Tantalum Nitrogen PaKISTaN
95%
Barium Hydrogen Americium Arsenic BaHAmAs
89%
Bohrium Uranium Tantalum Nitrogen BhUTaN
89%
Boron Ruthenium Neon Iodine BRuNeI
89%
Carbon Hydrogen Iodine Sodium CHINa
89%
Copper Barium CuBa
89%
Carbon Yttrium Phosphorus** Ruthenium Sulfur CYPRuS
89%
Holmium Neodymium Uranium Radium Sulfur HoNdURaS
89%
Iodine Radium Nitrogen IRaN
89%
Lanthanum Osmium LaOs
89%
Molybdenum Nitrogen Actinium Oxygen MoNAcO
89%
Nitrogen Gold Ruthenium NAuRu
89%
Neon Thorium Erbium Lanthanum Nitrogen Darmstadtium NeThErLaNDs
89%
Phosphorus Erbium Uranium PErU
89%
Phosphorus Hydrogen Iodine Lithium Phosphorus Phosphorus Iodine Nitrogen Einsteinium PHILiPPINEs
89%
Polonium Lanthanum Neodymium PoLaNd
89%
Potassium Iridium Iodine Boron Astatine Iodine KIrIBAtI
79%
No matching quizzes found
Score Distribution
Percent of People with Each Score
Percentile by Number Answered
Your Score History
You have not taken this quiz